书目信息 |
| 题名: |
Visual Basic程序设计
|
|
| 作者: | 莫德举 , 夏涛 主编 | |
| 分册: | ||
| 出版信息: | 北京 北京邮电大学出版社 2008.01 |
|
| 页数: | 376页 | |
| 开本: | 26cm | |
| 丛书名: | ||
| 单 册: | ||
| 中图分类: | TP312BA | |
| 科图分类: | ||
| 主题词: | Basic语言--Basic yu yan--程序设计--高等学校--教材 | |
| 电子资源: | ||
| ISBN: | 978-7-5635-1580-6 | |
| 000 | 00947nam0 2200265 450 | |
| 001 | 012008793582 | |
| 005 | 20080513075752.54 | |
| 010 | @a978-7-5635-1580-6@dCNY34.00 | |
| 100 | @a20080512d2008 em y0chiy0120 ea | |
| 101 | 0 | @achi |
| 102 | @aCN@b110000 | |
| 105 | @aak a 000yy | |
| 106 | @ar | |
| 200 | 1 | @aVisual Basic程序设计@AVisual Basic cheng xu she ji@f莫德举, 夏涛主编@Fmo de ju,xia tao zhu bian |
| 210 | @a北京@c北京邮电大学出版社@d2008.01 | |
| 215 | @a376页@c图@d26cm | |
| 300 | @a应用型本科计算机科学与技术规划教材 | |
| 320 | @a有书目 (第376页) | |
| 330 | @a本书共分15章,内容包括:VB概述,简单的Visual Basic程序设计,选择结构,循环结构,列表框和组合框,VB编程基础,菜单设计与多文档界面等。 | |
| 606 | 0 | @aBasic语言@ABasic yu yan@x程序设计@x高等学校@j教材 |
| 690 | @aTP312BA@v4 | |
| 701 | 0 | @a莫德举@Amo de ju@4主编 |
| 701 | 0 | @a夏涛@Axia tao@4主编 |
| 801 | 0 | @aCN@bQSSK@c20080513 |
| 905 | @b710552-54@dTP312BA@eM842@f3 | |
| Visual Basic程序设计/莫德举, 夏涛主编.-北京:北京邮电大学出版社,2008.01 |
| 376页:图;26cm |
| 应用型本科计算机科学与技术规划教材 |
| ISBN 978-7-5635-1580-6:CNY34.00 |
| 本书共分15章,内容包括:VB概述,简单的Visual Basic程序设计,选择结构,循环结构,列表框和组合框,VB编程基础,菜单设计与多文档界面等。 |
| ● |
| 相关链接 |
|
|
|
正题名:Visual Basic程序设计
索取号:TP312BA/M842
 
预约/预借
| 序号 | 登录号 | 条形码 | 馆藏地/架位号 | 状态 | 备注 |
| 1 | 710552 | 207105522 | 自科库301/301自科库 47排7列3层/ [索取号:TP312BA/M842] | 在馆 | |
| 2 | 710553 | 207105531 | 自科库301/301自科库 84排2列1层/ [索取号:TP312BA/M842] | 在馆 | |
| 3 | 710554 | 207105540 | 自科库301/301自科库 84排2列1层/ [索取号:TP312BA/M842] | 在馆 |